| 000 | 00650nam a2200253Ia 4500 | ||
|---|---|---|---|
| 005 | 20250425160734.0 | ||
| 008 | 250425s9999 xx 000 0 und d | ||
| 020 | _a842670753X | ||
| 041 | _aspa | ||
| 043 | _asp | ||
| 082 | _a621.3815 | ||
| 100 | _aRIEGER, HEINZ | ||
| 245 | 0 | _aPOTENCIA Y TRABAJO DE LA CORRIENTE ALTERNA: ENSEÑANZA PROGRAMADA EP 30 | |
| 250 | _a1A ED. | ||
| 260 | _aBARCELONA | ||
| 260 |
_aEspaña _bMARCOMBO _c1989 |
||
| 300 | _a68 | ||
| 650 | _aCIRCUITOS DE CORRIENTE ALTERNA | ||
| 650 | _aCORRIENTE ALTERNA | ||
| 650 | _aENSEÑANZA PROGRAMADA | ||
| 650 | _aPOTENCIA ELECTRICA | ||
| 942 | _c01 | ||
| 010 | _a3949 | ||
| 999 |
_c195197 _d195197 |
||